000 00428cam a22001337a 4500
008 180718b1979 xxu||||| |||| 00| 0 eng d
082 _aT000x8 Sa18
100 _aSagasti, F.R.
245 _aTechnology, planning and selfreliant development: a Latin American view
_cby F.R. Sagasti
260 _aNew York
_bPraeger
_c1979
300 _a176p.
650 _aTechnology - Latin America
650 _aEconomic development Latin America
999 _c353439
_d353439